[Event "10th Asia-ch"]
[Site "Ho Chi Minh City VIE"]
[Date "2012.05.07"]
[Round "3"]
[White "Paragua, Mark"]
[Black "Ton That Nhu Tung"]
[Result "1-0"]
[WhiteElo "2521"]
[BlackElo "2144"]
[EventDate "2012.05.05"]
[PlyCount "35"]

1.e4 c6 2.d4 d5 3.e5 Bf5 4.Nf3 e6 5.Be2 c5 6.Be3 Nc6 7.dxc5 Qc7 8.c3 Nge7 
9.Qa4 Ng6 10.Na3 Nxe5 11.Nxe5 Qxe5 12.Nb5 Be4 13.Nd4 Qc7 14.Bb5 Kd7 15.Bf4
Qc8 16.Nxc6 bxc6 17.Ba6 Qd8 18.Bb7 1-0

[Event "10th Asia-ch"]
[Site "Ho Chi Minh City VIE"]
[Date "2012.05.08"]
[Round "4"]
[White "Ghaem Maghami, Ehsan"]
[Black "Gomez, John Paul"]
[Result "0-1"]
[WhiteElo "2579"]
[BlackElo "2507"]
[EventDate "2012.05.05"]
[PlyCount "140"]

1.d4 d5 2.c4 c6 3.e3 Bf5 4.Qb3 Qb6 5.Qxb6 axb6 6.cxd5 cxd5 7.Nc3 e6 8.Bb5+
Nc6 9.Bd2 Bd6 10.Na4 Bc7 11.Ne2 Ne7 12.O-O Nc8 13.b3 Nd6 14.Nec3 Nxb5 15.
Nxb5 Kd7 16.Nxc7 Kxc7 17.Rfc1 b5 18.Nc3 Kb6 19.f3 Bd3 20.e4 Rhd8 21.exd5 
exd5 22.Be1 Ra3 23.Bg3 Ka6 24.Re1 b4 25.Na4 b6 26.Nb2 Bb5 27.Bf2 Kb7 28.
Nd1 Rda8 29.Ne3 Rxa2 30.Rxa2 Rxa2 31.Nxd5 Rb2 32.Re3 Rb1+ 33.Be1 Nxd4 34.
Nxb4 Kc7 35.h3 Kd7 36.Kh2 Rxb3 37.Rxb3 Nxb3 38.Bf2 Nc5 39.g4 Bc6 40.Kg3 
Kd6 41.h4 b5 42.Be3 Bd5 43.h5 Bc4 44.Bd4 Ne6 45.Be3 Bd5 46.Nd3 Bb7 47.Nb4 
Ke5 48.Ba7 f5 49.Nd3+ Kf6 50.gxf5 Kxf5 51.Nc5 Nxc5 52.Bxc5 Kg5 53.Bd4 Kxh5
54.Bxg7 b4 55.Be5 Kg5 56.f4+ Kf5 57.Kh4 Bf3 58.Kg3 Bd5 59.Kh3 b3 60.Kg3 h5
61.Bb2 Bf7 62.Kf3 Be8 63.Be5 Bc6+ 64.Kg3 Ke4 65.Kh4 Be8 66.Kg5 Kd3 67.f5 
Kc2 68.f6 b2 69.Bxb2 Kxb2 70.Kh4 Kc3 0-1

[Event "10th Asia-ch"]
[Site "Ho Chi Minh City VIE"]
[Date "2012.05.08"]
[Round "4"]
[White "Tu Hoang Thai"]
[Black "Sapar, Emelbek"]
[Result "1-0"]
[WhiteElo "2295"]
[BlackElo "2380"]
[EventDate "2012.05.05"]
[PlyCount "47"]

1.e4 g6 2.b3 Bg7 3.Nc3 d6 4.Bb2 e5 5.Nf3 Nc6 6.Bb5 Ne7 7.d4 a6 8.Bxc6+ 
Nxc6 9.dxe5 Nxe5 10.Nxe5 Bxe5 11.O-O O-O 12.f4 Bg7 13.f5 Qh4 14.g3 Qh3 15.
Rf4 g5 16.Rf2 Be5 17.Qc1 f6 18.Nd5 Rf7 19.Bxe5 dxe5 20.Qe3 Kg7 21.Re1 b6 
22.Qc3 Rb8 23.Rd2 h5 24.Nxf6 1-0

[Event "10th Asia-ch"]
[Site "Ho Chi Minh City VIE"]
[Date "2012.05.09"]
[Round "5"]
[White "Tu Hoang Thong"]
[Black "Gundavaa, Bayarsaihan"]
[Result "1/2-1/2"]
[WhiteElo "2434"]
[BlackElo "2516"]
[EventDate "2012.05.05"]
[PlyCount "100"]

1.d4 Nf6 2.Nf3 e6 3.Bf4 c5 4.e3 Nc6 5.c3 Be7 6.Nbd2 O-O 7.h3 d5 8.Bd3 Bd6 
9.Bxd6 Qxd6 10.dxc5 Qxc5 11.e4 e5 12.O-O Be6 13.Ng5 Rad8 14.Nxe6 fxe6 15.
Qe2 Rd7 16.Rad1 Qb6 17.Nb3 a5 18.exd5 exd5 19.Qe3 Qc7 20.Bb5 Rd6 21.Rfe1 
Re8 22.Qc5 b6 23.Qa3 Re7 24.c4 Nb4 25.Rc1 Qd8 26.cxd5 Nfxd5 27.Nd2 Nf4 28.
Ne4 Rg6 29.Ng3 h5 30.Qb3+ Kh7 31.a3 Qa8 32.Bf1 Nbd3 33.Qxd3 Nxd3 34.Bxd3 
Re6 35.Be4 Qe8 36.Nxh5 Kh6 37.Bxg6 Kxg6 38.Ng3 Rc6 39.Rcd1 Kh7 40.Re2 Qe6 
41.Kh2 Qb3 42.Rdd2 Re6 43.Rd7 Qb5 44.Rdd2 Kg6 45.Re4 Rc6 46.Rg4+ Kh7 47.
Rg5 Rg6 48.Rh5+ Rh6 49.Rg5 Rg6 50.Rh5+ Rh6 1/2-1/2

[Event "10th Asia-ch"]
[Site "Ho Chi Minh City VIE"]
[Date "2012.05.11"]
[Round "7"]
[White "Torre, Eugenio"]
[Black "Tan Weiliang"]
[Result "1-0"]
[WhiteElo "2496"]
[BlackElo "2222"]
[EventDate "2012.05.05"]
[PlyCount "105"]

1.d4 d5 2.Bg5 h6 3.Bh4 c6 4.Nc3 Qb6 5.Rb1 Bf5 6.e3 e6 7.Bd3 Bxd3 8.cxd3 
Nd7 9.Nf3 Be7 10.Bg3 Ngf6 11.O-O a5 12.Ne5 Nxe5 13.dxe5 Nd7 14.d4 O-O 15.
f4 f5 16.exf6 Bxf6 17.Bf2 Qc7 18.Qg4 Rae8 19.Rbd1 Bd8 20.Qg6 Nf6 21.h3 Qf7
22.Qxf7+ Rxf7 23.g4 Be7 24.a3 Bd6 25.Bh4 Nd7 26.a4 Ref8 27.Kg2 Nb6 28.b3 
Nd7 29.Ne2 Bb4 30.Nc1 c5 31.dxc5 Nxc5 32.Nd3 Nxd3 33.Rxd3 Rc8 34.f5 exf5 
35.Rxf5 Rc2+ 36.Kf3 Rc3 37.Rxd5 Rxf5+ 38.gxf5 Rxb3 39.Rd8+ Kf7 40.Rd7+ Kf8
41.Rxb7 Ra3 42.Bg3 Bc5 43.Bf4 Rxa4 44.Be5 Be7 45.e4 Ra3+ 46.Kg4 h5+ 47.Kf4
Bb4 48.Bxg7+ Kg8 49.f6 Rxh3 50.e5 Bd2+ 51.Kf5 a4 52.Rb8+ Kh7 53.Rh8# 1-0

[Event "10th Asia-ch"]
[Site "Ho Chi Minh City VIE"]
[Date "2012.05.12"]
[Round "8"]
[White "Sapar, Emelbek"]
[Black "Bao Khoa"]
[Result "1/2-1/2"]
[WhiteElo "2380"]
[BlackElo "2257"]
[EventDate "2012.05.05"]
[PlyCount "119"]

1.d4 Nf6 2.c4 e6 3.Nc3 Bb4 4.Qc2 d5 5.cxd5 exd5 6.Bg5 O-O 7.e3 h6 8.Bh4 
Re8 9.Bd3 c5 10.Ne2 c4 11.Bh7+ Kh8 12.Bf5 Qd6 13.Bxc8 Rxc8 14.Bxf6 Qxf6 
15.O-O Rd8 16.Nf4 Bxc3 17.bxc3 Na6 18.Rfb1 b6 19.f3 Nc7 20.Qd2 Re8 21.Re1 
Qf5 22.g4 Qg5 23.Qf2 Re7 24.h4 Qf6 25.Re2 b5 26.Qg3 Rae8 27.Rae1 Qc6 28.g5
a5 29.a3 Kh7 30.Kf2 Qb6 31.Qg4 Qd6 32.Rg1 Kh8 33.Qh5 Rb8 34.gxh6 Qxh6 35.
Rg5 Qxh5 36.Rxh5+ Kg8 37.Nxd5 Nxd5 38.Rxd5 b4 39.axb4 axb4 40.cxb4 Rxb4 
41.Rc5 Re6 42.f4 Kf8 43.Kf3 g6 44.h5 gxh5 45.Rxh5 Rc6 46.Rc2 Ke7 47.f5 Rb1
48.Rhh2 Rc8 49.Rc3 Rf1+ 50.Rf2 Rd1 51.Ra2 Rf1+ 52.Ke4 Kf6 53.Ra5 Kg5 54.
Rc2 Rg1 55.Rc5 Re8+ 56.Re5 Rc8 57.Rc3 Rf1 58.Rc5 Re8+ 59.Re5 Rc8 60.Rc5 
1/2-1/2

[Event "10th Asia-ch"]
[Site "Ho Chi Minh City VIE"]
[Date "2012.05.13"]
[Round "9"]
[White "Wen Yang"]
[Black "Gopal, Geetha Narayanan"]
[Result "1-0"]
[WhiteElo "2550"]
[BlackElo "2562"]
[EventDate "2012.05.05"]
[PlyCount "89"]

1.d4 Nf6 2.c4 g6 3.f3 Nc6 4.d5 Ne5 5.e4 d6 6.Nc3 Bg7 7.f4 Ned7 8.Nh3 O-O 
9.Be2 c6 10.Nf2 cxd5 11.cxd5 b5 12.Bxb5 Rb8 13.O-O Nc5 14.Be2 Nfd7 15.Nb5 
Qb6 16.Be3 Ba6 17.a4 Bxb2 18.Rb1 Bg7 19.Qd2 Bxb5 20.Bxb5 Qc7 21.Rbc1 Qd8 
22.Qe2 Qa5 23.e5 Rfc8 24.Rc2 a6 25.Bc6 Qd8 26.Rd1 Qa5 27.h4 Rd8 28.h5 Qb4 
29.hxg6 hxg6 30.e6 Nf6 31.exf7+ Kxf7 32.Bxc5 dxc5 33.Nh3 Rd6 34.Ng5+ Kg8 
35.Qxe7 Qxf4 36.Ne6 Qe3+ 37.Rf2 Bh8 38.Rf1 Rbd8 39.Qc7 R6d7 40.Bxd7 Rxd7 
41.Qc8+ Kh7 42.Nf8+ Kg7 43.Nxd7 Ne4 44.Qf8+ Kh7 45.Qf7+ 1-0